000 00646cam a22002291 4500
001 sa 66005762
003 DLC
005 20260227112251.0
008 870803q19601969ii 000 0 eng
010 _asa 66005762
025 _aPL480:I-E-5881
035 _a(OCoLC)16359678
040 _aDLC
_cWaU
_dDLC
042 _apremarc
050 0 0 _aJQ220.L3
_bJ6
100 1 _aJohn, K. K.
245 1 4 _aThe only solution to India's language problem,
_cby K.K. John. Foreword by A.R. Wadia.
260 _aNew Delhi
_c[196-]
300 _aviii, 52 p.
_c21 cm.
651 0 _aIndia
_xLanguages.
650 0 _aLanguage and languages
_xPolitical aspects.
999 _c70148
_d70148